[Event "Purtichju op 9th"]
[Site "Porticcio"]
[Date "2024.06.29"]
[Round "1"]
[White "Large, Laurent"]
[Black "Nevednichy, Vladislav"]
[Result "1/2-1/2"]
[WhiteElo "2115"]
[BlackElo "2471"]
[PlyCount "136"]
[EventDate "2024.06.29"]
[EventType "swiss"]
[EventRounds "9"]
[EventCountry "FRA"]
[SourceTitle "CBM 221 Extra"]
[Source "ChessBase"]
[SourceDate "2024.09.30"]
[SourceVersion "1"]
[SourceVersionDate "2024.09.30"]
[SourceQuality "1"]

1. Nf3 c5 2. g3 Nc6 3. Bg2 e5 4. d3 g6 5. c4 Bg7 6. Nc3 Nge7 7. 0-0 0-0 8. Rb1 d6 9. a3 a5 10. Bd2 h6 11. Nb5 Be6 12. e3 e4 13. Ne1 exd3 14. b3 d5 15. cxd5 Bxd5 16. Bxd5 Nxd5 17. Nxd3 b6 18. Nb2 Nc7 19. Nxc7 Qxc7 20. Qc2 Rad8 21. Bc3 h5 22. Bxg7 Kxg7 23. h4 Ne5 24. Rfd1 Nf3+ 25. Kf1 Qc8 26. Rxd8 Rxd8 27. Rd1 Re8 28. Kg2 Qg4 29. Rh1 Ne5 30. Re1 Rd8 31. Nc4 Nf3 32. Rh1 b5 33. Nxa5 Rd2 34. Qc3+ f6 35. e4 Nd4 36. Qxd2 Qxe4+ 37. f3 Nxf3 38. Qd7+ Kh6 39. Kf2 Nd4 40. Re1 Qf3+ 41. Kg1 Qxg3+ 42. Kf1 Qd3+ 43. Kf2 Qd2+ 44. Kf1 Qf4+ 45. Kg2 Qf3+ 46. Kg1 Qg3+ 47. Kf1 Qxh4 48. Re7 Qf4+ 49. Ke1 Qc1+ 50. Kf2 Qd2+ 51. Kf1 Qd1+ 52. Kf2 Qf3+ 53. Ke1 Kg5 54. Nb7 h4 55. Nd8 Qc3+ 56. Kf2 Qg3+ 57. Kf1 Qf3+ 58. Ke1 Qh1+ 59. Kf2 Qh2+ 60. Kf1 Qf4+ 61. Ke1 Qg3+ 62. Kf1 Qf3+ 63. Ke1 Qc3+ 64. Kf2 Qd2+ 65. Kf1 Qf4+ 66. Ke1 Qc1+ 67. Kf2 Qf4+ 68. Ke1 Qc1+ 1/2-1/2

[Event "FRA-ch Seniors"]
[Site "Chartres"]
[Date "2019.??.??"]
[Round "7"]
[White "Large, Laurent"]
[Black "Ladisic, Alex Sacha"]
[Result "1-0"]
[WhiteElo "2211"]
[BlackElo "1934"]
[PlyCount "103"]
[EventDate "2019.08.17"]
[EventType "swiss"]
[EventRounds "9"]
[EventCountry "FRA"]
[SourceTitle "EXT 2020"]
[Source "ChessBase"]
[SourceDate "2019.10.17"]
[SourceVersion "1"]
[SourceVersionDate "2019.10.17"]
[SourceQuality "1"]

1. d4 Nf6 2. Nf3 d6 3. Nc3 g6 4. e4 Bg7 5. h3 0-0 6. Bc4 Nc6 7. Be3 Nxe4 8. Nxe4 d5 9. Bd3 dxe4 10. Bxe4 Bd7 11. d5 Ne5 12. Nxe5 Bxe5 13. Bd4 Bxd4 14. Qxd4 e5 15. Qc4 b5 16. Qb3 Qh4 17. g4 Rab8 18. 0-0-0 Qxf2 19. Rhf1 Qc5 20. Kb1 Qd6 21. g5 a5 22. Rf6 Qe7 23. Rdf1 a4 24. Qf3 b4 25. h4 a3 26. h5 Qc5 27. hxg6 Qd4 28. c3 bxc3 29. b3 c2+ 30. Kxc2 Qb2+ 31. Kd1 Qa1+ 32. Kd2 Qb2+ 33. Bc2 hxg6 34. Qd3 Bf5 35. R1xf5 gxf5 36. Qxf5 Qd4+ 37. Ke2 e4 38. g6 Kg7 39. Rxf7+ Rxf7 40. Qxf7+ Kh6 41. Qf4+ Kxg6 42. Bxe4+ Kg7 43. Qxc7+ Kf6 44. Qf4+ Ke7 45. Qc7+ Kf6 46. Qd6+ Kg5 47. Qg3+ Kf6 48. Qg6+ Ke5 49. Qe6+ Kf4 50. Qf5+ Kg3 51. Qf3+ Kh4 52. Qf4+ 1-0

[Event "FRA-chT2 North 0809"]
[Site "France"]
[Date "2008.10.19"]
[Round "1.3"]
[White "Large, Laurent"]
[Black "Sochacki, Christophe"]
[Result "1/2-1/2"]
[WhiteElo "2257"]
[BlackElo "2193"]
[PlyCount "123"]
[EventDate "2008.10.19"]
[EventType "tourn"]
[EventRounds "11"]
[EventCountry "FRA"]
[SourceTitle "EXT 2010"]
[Source "ChessBase"]
[SourceDate "2010.11.25"]
[SourceVersion "1"]
[SourceVersionDate "2010.11.25"]
[SourceQuality "1"]
[WhiteTeam "Le Vesinet"]
[BlackTeam "Saint Mande"]
[WhiteTeamCountry "FRA"]
[BlackTeamCountry "FRA"]

1. g3 e5 2. Bg2 Nf6 3. Nf3 Nc6 4. a3 d5 5. d3 Bd6 6. c4 0-0 7. 0-0 dxc4 8. dxc4 Be6 9. Qc2 Qd7 10. Rd1 Bf5 11. Qc3 Ne4 12. Qe1 Nc5 13. Be3 Nb3 14. Ra2 Ncd4 15. Bxd4 exd4 16. e4 dxe3 17. Qxe3 Qa4 18. Nd4 Nxd4 19. Qxd4 Be5 20. Nc3 Bxd4 21. Nxa4 Rad8 22. Rc1 Rfe8 23. b4 Bd7 24. b5 a6 25. Rd2 c5 26. Nb6 axb5 27. Nxd7 Rxd7 28. cxb5 Ra8 29. Rxc5 Rad8 30. Rc1 b6 31. a4 g6 32. Kf1 Kg7 33. Rcd1 Rd6 34. f4 Kf6 35. Bf3 h6 36. a5 bxa5 37. b6 Bc5 38. b7 Ke7 39. Rxd6 Bxd6 40. Ra1 Bb4 41. Rc1 Kd7 42. Bc6+ Kc7 43. Bd5+ Kb8 44. Be4 f5 45. Bf3 g5 46. fxg5 hxg5 47. h3 Bd6 48. Ra1 Bc7 49. Ke2 g4 50. hxg4 fxg4 51. Bg2 Rh8 52. Ra4 Re8+ 53. Kd3 Rd8+ 54. Kc2 Rf8 55. Bd5 Rf5 56. Bh1 Rh5 57. Be4 Rc5+ 58. Kb3 Bxg3 59. Bg2 Rb5+ 60. Kc2 Rb4 61. Rxa5 Bd6 62. Ra8+ 1/2-1/2

[Event "FRA-chT2 Nord 0708"]
[Site "France"]
[Date "2008.01.19"]
[Round "5.3"]
[White "Stevens, Christian1"]
[Black "Large, Laurent"]
[Result "0-1"]
[WhiteElo "2135"]
[BlackElo "2263"]
[PlyCount "72"]
[EventDate "2007.10.21"]
[EventType "team-tourn"]
[EventRounds "11"]
[EventCountry "FRA"]
[SourceTitle "EXT 2009"]
[Source "ChessBase"]
[SourceDate "2008.11.26"]
[SourceVersion "1"]
[SourceVersionDate "2008.11.26"]
[SourceQuality "1"]
[WhiteTeam "Neuville en Ferrain"]
[BlackTeam "Le Vesinet"]
[WhiteTeamCountry "FRA"]
[BlackTeamCountry "FRA"]

1. e4 g6 2. d4 Bg7 3. Nf3 d6 4. Nc3 c6 5. Be2 Nd7 6. 0-0 Qc7 7. Be3 Ngf6 8. h3 0-0 9. a4 b6 10. Qd2 Re8 11. Bc4 e6 12. Rfe1 Bb7 13. Rad1 b5 14. axb5 cxb5 15. Bd3 a6 16. Bf4 e5 17. dxe5 dxe5 18. Bg5 Nb6 19. Nh2 b4 20. Nb1 a5 21. c3 Red8 22. Bxf6 Bxf6 23. cxb4 Ba6 24. Qe3 Bxd3 25. Rxd3 axb4 26. Ng4 Bg7 27. Red1 h5 28. Nh2 Rxd3 29. Qxd3 Na4 30. Qb3 Qb7 31. Nc3 Nc5 32. Qd5 bxc3 33. Qxc5 cxb2 34. Qc2 Ra1 35. Rb1 Rxb1+ 36. Qxb1 Qb3 0-1

[Event "FRA-chT2 West 0607"]
[Site "France"]
[Date "2006.10.15"]
[Round "1.1"]
[White "Large, Laurent"]
[Black "Simon, Olivier"]
[Result "0-1"]
[WhiteElo "2256"]
[BlackElo "2388"]
[PlyCount "44"]
[EventDate "2006.10.15"]
[EventType "team-tourn"]
[EventRounds "11"]
[EventCountry "FRA"]
[SourceTitle "EXT 2008"]
[Source "ChessBase"]
[SourceDate "2007.11.25"]
[SourceVersion "1"]
[SourceVersionDate "2007.11.25"]
[SourceQuality "1"]
[WhiteTeam "Le Vesinet"]
[BlackTeam "JEEN"]
[WhiteTeamCountry "FRA"]
[BlackTeamCountry "FRA"]

1. d4 Nf6 2. Bg5 c5 3. d5 Ne4 4. h4 Qb6 5. Bc1 e6 6. Qd3 exd5 7. Qxd5 Nf6 8. Qe5+ Be7 9. c3 Nc6 10. Qg3 d5 11. h5 Be6 12. Nd2 0-0-0 13. Ngf3 d4 14. Ng5 Bd6 15. Qh4 dxc3 16. bxc3 Be5 17. Nxe6 fxe6 18. Qh3 Nb4 19. Rb1 Nc2+ 20. Kd1 Qxb1 21. Qxe6+ Kb8 22. Qxe5+ Ka8 0-1

[Event "FRA-chT N1"]
[Site "France"]
[Date "2005.05.06"]
[Round "9.7"]
[White "Lacrosse, Marc"]
[Black "Large, Laurent"]
[Result "1/2-1/2"]
[WhiteElo "2289"]
[BlackElo "2249"]
[PlyCount "151"]
[EventDate "2005.05.05"]
[EventType "team-tourn"]
[EventRounds "11"]
[EventCountry "FRA"]
[SourceTitle "EXT 2006"]
[Source "ChessBase"]
[SourceDate "2005.11.24"]
[SourceVersion "1"]
[SourceVersionDate "2005.11.24"]
[SourceQuality "1"]

1. d4 g6 2. c4 Bg7 3. e4 d6 4. Nc3 Nd7 5. Nf3 e5 6. Be2 Ne7 7. h4 h6 8. Be3 a5 9. Qd2 exd4 10. Nxd4 Nc6 11. 0-0-0 Nde5 12. Nxc6 bxc6 13. c5 a4 14. cxd6 a3 15. b3 Be6 16. f4 Ng4 17. Bd4 0-0 18. Bxg7 Kxg7 19. f5 gxf5 20. exf5 Bxb3 21. dxc7 Qf6 22. Bxg4 Bxd1 23. Rxd1 c5 24. Kc2 Rac8 25. Qd6 Qxd6 26. Rxd6 Rxc7 27. Ra6 Rd8 28. Ne4 Rb7 29. Rxa3 Rb4 30. f6+ Kg8 31. Bf5 Rbd4 32. Rg3+ Kh8 33. Re3 Re8 34. h5 Re5 35. g4 Kg8 36. Re2 Kf8 37. a3 Re8 38. Kc3 Ra4 39. Kb3 Rea8 40. Nxc5 Rxa3+ 41. Kc4 Ra1 42. Kd4 Rd1+ 43. Ke3 Rf1 44. Rf2 Ra3+ 45. Ke2 Rc1 46. Nd3 Rc2+ 47. Ke3 Rc6 48. Be4 Re6 49. Rf5 Kg8 50. Kf4 Rb6 51. Ne5 Rb4 52. Nc6 Rc4 53. Rb5 Ra8 54. Rb4 Rxb4 55. Nxb4 Ra4 56. Nd5 Ra1 57. Ne7+ Kh8 58. Nf5 Rf1+ 59. Ke5 Rf2 60. Nxh6 Rxf6 61. Nf5 Re6+ 62. Kf4 f6 63. h6 Ra6 64. Ng7 Ra5 65. Ne8 Ra1 66. Ng7 Ra5 67. Bf5 Ra1 68. Kg3 Rh1 69. Ne8 Rxh6 70. Kf4 Kg8 71. Ke4 Kf8 72. Nd6 Rh1 73. Kd5 Re1 74. Ne4 Ke7 75. Kd4 Ra1 76. Ke3 1/2-1/2

[Event "FRA-chT N1"]
[Site "France"]
[Date "2005.05.05"]
[Round "8.6"]
[White "Naudier, Serge"]
[Black "Large, Laurent"]
[Result "1-0"]
[WhiteElo "2256"]
[BlackElo "2249"]
[PlyCount "127"]
[EventDate "2005.05.05"]
[EventType "team-tourn"]
[EventRounds "11"]
[EventCountry "FRA"]
[SourceTitle "EXT 2006"]
[Source "ChessBase"]
[SourceDate "2005.11.24"]
[SourceVersion "1"]
[SourceVersionDate "2005.11.24"]
[SourceQuality "1"]

1. e4 c5 2. Nf3 g6 3. d4 cxd4 4. Nxd4 Bg7 5. c4 Nc6 6. Be3 Nf6 7. Nc3 0-0 8. Be2 d6 9. 0-0 Bd7 10. Nb3 a5 11. Rc1 a4 12. Nd4 Nxd4 13. Bxd4 Bc6 14. f3 Nd7 15. Be3 Nc5 16. Qd2 Qb6 17. Rfd1 Rfc8 18. Rc2 Qd8 19. Nd5 Bxd5 20. cxd5 Qa5 21. Qxa5 Rxa5 22. Rdc1 Rb8 23. Kf1 b6 24. Bd2 Ra7 25. Bb5 h5 26. Ke2 Kh7 27. Rb1 Bh6 28. Bc6 Bxd2 29. Kxd2 b5 30. e5 b4 31. exd6 exd6 32. Rc4 Kg7 33. Re1 Kf8 34. Re3 Re7 35. Rxe7 Kxe7 36. Ke3 a3 37. b3 f5 38. Kd4 Nd7 39. Rc2 g5 40. g3 f4 41. gxf4 gxf4 42. Bxd7 Kxd7 43. Ke4 Re8+ 44. Kxf4 Re1 45. h4 Rb1 46. Rc4 Rb2 47. Rxb4 Rxa2 48. Ra4 Rd2 49. Rxa3 Rxd5 50. Ra2 Ke6 51. Rb2 Kf6 52. b4 Rd4+ 53. Kg3 Rc4 54. b5 Rc7 55. b6 Rb7 56. Kf4 Ke6 57. Ke4 d5+ 58. Kd4 Kd6 59. f4 Kc6 60. f5 Kd6 61. f6 Ke6 62. f7 Kxf7 63. Kxd5 Kg6 64. Kc6 1-0

[Event "FRA-chT2 0304"]
[Site "France"]
[Date "2004.02.01"]
[Round "7"]
[White "Large, Laurent"]
[Black "Lesbros, Bernard"]
[Result "1-0"]
[WhiteElo "2226"]
[BlackElo "2048"]
[PlyCount "85"]
[EventDate "2003.10.??"]
[EventType "team-tourn"]
[EventRounds "11"]
[EventCountry "FRA"]
[SourceTitle "EXT 2005"]
[Source "ChessBase"]
[SourceDate "2004.11.15"]
[SourceVersion "1"]
[SourceVersionDate "2004.11.15"]
[SourceQuality "1"]
[WhiteTeam "Le Vesinet"]
[BlackTeam "Le Mans"]
[WhiteTeamCountry "FRA"]
[BlackTeamCountry "FRA"]

1. d4 Nf6 2. Bg5 Ne4 3. Bf4 c5 4. f3 Qa5+ 5. c3 Nf6 6. Nd2 cxd4 7. Nb3 Qb6 8. Qxd4 Nc6 9. Qxb6 axb6 10. Nd4 Nxd4 11. cxd4 g6 12. e4 d6 13. Ne2 Bg7 14. Nc3 Bd7 15. Bb5 Bxb5 16. Nxb5 Kd7 17. Kd2 Rhc8 18. Kd3 Ra5 19. a4 d5 20. Rhc1 Raa8 21. Rc7+ Rxc7 22. Bxc7 Ra6 23. Be5 dxe4+ 24. fxe4 Ne8 25. Bxg7 Nxg7 26. Nc3 f5 27. e5 Ne6 28. g3 Nc7 29. Rf1 Ke6 30. Rc1 Nd5 31. Nxd5 Kxd5 32. b3 Ra7 33. Rc8 Ke6 34. Kc4 Ra5 35. Rb8 b5+ 36. axb5 Ra2 37. Rxb7 g5 38. b6 Rc2+ 39. Kb5 Rc8 40. Ra7 f4 41. gxf4 gxf4 42. b7 Rb8 43. Kc6 1-0

[Event "FRA-chT2S 0203"]
[Site "France"]
[Date "2003.??.??"]
[Round "10.7"]
[White "Jossien, Remy"]
[Black "Large, Laurent"]
[Result "1/2-1/2"]
[WhiteElo "2181"]
[BlackElo "2167"]
[PlyCount "98"]
[EventDate "2002.10.??"]
[EventType "team-tourn"]
[EventRounds "11"]
[EventCountry "FRA"]
[SourceTitle "EXT 2004"]
[Source "ChessBase"]
[SourceDate "2003.11.25"]
[SourceVersion "1"]
[SourceVersionDate "2003.11.25"]
[SourceQuality "1"]
[WhiteTeam "Cappelle la Grande"]
[BlackTeam "Le Vesinet"]
[WhiteTeamCountry "FRA"]
[BlackTeamCountry "FRA"]

1. d4 g6 2. e4 Bg7 3. Nc3 c6 4. Be3 d6 5. Qd2 Nd7 6. f4 Ngf6 7. h3 a6 8. e5 Nd5 9. Nxd5 cxd5 10. Nf3 Nb6 11. 0-0-0 Bf5 12. Ng5 Rc8 13. c3 h5 14. g4 hxg4 15. hxg4 Rxh1 16. gxf5 Rxf1 17. Rxf1 Nc4 18. Qe2 Qa5 19. Kb1 Qb5 20. Rf2 gxf5 21. Bc1 Na3+ 22. Ka1 Qxe2 23. Rxe2 Nb5 24. Bd2 dxe5 25. fxe5 Bh6 26. Rh2 Bxg5 27. Bxg5 Kd7 28. a4 Nc7 29. Rh7 Rg8 30. Bc1 Ke6 31. Ka2 Na8 32. Ka3 Nb6 33. Kb4 Rg1 34. Rh6+ f6 35. exf6 exf6 36. Bf4 Nc4 37. b3 Nb2 38. Rh3 Rd1 39. Re3+ Kd7 40. Bh6 Nd3+ 41. Ka5 f4 42. Rf3 Nc1 43. Kb6 Nxb3 44. Kxb7 Ra1 45. Rxf4 Rxa4 46. Rxf6 Rc4 47. Rf5 Rxc3 48. Rxd5+ Ke6 49. Re5+ Kd7 1/2-1/2

[Event "FRA-chT2"]
[Site "France"]
[Date "2002.03.24"]
[Round "11.3"]
[White "Laurent, Bruno"]
[Black "Large, Laurent"]
[Result "1/2-1/2"]
[WhiteElo "2291"]
[BlackElo "2179"]
[PlyCount "122"]
[EventDate "2002.??.??"]
[EventType "team-tourn"]
[EventRounds "11"]
[EventCountry "FRA"]
[SourceTitle "EXT 2003"]
[Source "ChessBase"]
[SourceDate "2002.11.25"]
[SourceVersion "1"]
[SourceVersionDate "2002.11.25"]
[SourceQuality "1"]

1. e4 c5 2. Nf3 g6 3. d4 cxd4 4. c3 Bg7 5. Bc4 d6 6. cxd4 Nf6 7. Nc3 0-0 8. 0-0 Nc6 9. d5 Nb8 10. h3 Na6 11. Re1 Nc5 12. Bf4 a5 13. e5 Ne8 14. Rc1 b6 15. Nd4 Bb7 16. Nc6 Bxc6 17. dxc6 dxe5 18. Bxe5 Qxd1 19. Rcxd1 Bxe5 20. Rxe5 e6 21. a3 Nc7 22. b4 axb4 23. axb4 Na4 24. Rd7 Nxc3 25. Rxc7 Ra4 26. Re3 Nd5 27. Bxd5 exd5 28. Rb3 b5 29. Rd7 Ra1+ 30. Kh2 Rc1 31. c7 Kg7 32. Rd3 Rc8 33. Rf3 Rf8 34. Rd3 Rc8 35. R3xd5 R8xc7 36. Rxc7 Rxc7 37. Rxb5 Kf6 38. Kg3 h5 39. h4 Rc3+ 40. f3 Rc4 41. Rb7 Rc1 42. b5 Rb1 43. b6 Rb4 44. Rb8 Kf5 45. Kf2 Rb3 46. Rb7 f6 47. Rb8 Rb2+ 48. Kg3 Rb3 49. Kh3 Rb1 50. Kg3 Rb4 51. b7 Rb2 52. Kh3 Rb3 53. g3 Rb2 54. g4+ hxg4+ 55. fxg4+ Kf4 56. h5 g5 57. h6 f5 58. Rf8 Rb3+ 59. Kg2 Rb2+ 60. Kf1 Rxb7 61. gxf5 Rh7 1/2-1/2

[Event "FRA-chT2"]
[Site "France"]
[Date "2002.03.??"]
[Round "9"]
[White "Nguyen, Chi Minh"]
[Black "Large, Laurent"]
[Result "1-0"]
[WhiteElo "2262"]
[BlackElo "2179"]
[PlyCount "45"]
[EventDate "2002.??.??"]
[EventType "team-tourn"]
[EventRounds "11"]
[EventCountry "FRA"]
[SourceTitle "EXT 2003"]
[Source "ChessBase"]
[SourceDate "2002.11.25"]
[SourceVersion "1"]
[SourceVersionDate "2002.11.25"]
[SourceQuality "1"]

1. d4 g6 2. c4 Bg7 3. f4 c5 4. d5 d6 5. Nf3 Nf6 6. Nc3 0-0 7. e4 e6 8. Be2 exd5 9. cxd5 Bg4 10. 0-0 Nbd7 11. a4 Re8 12. h3 Bxf3 13. Bxf3 c4 14. Be3 Qa5 15. Bd4 Nc5 16. e5 Nfd7 17. e6 Bxd4+ 18. Qxd4 fxe6 19. Qxc4 Nb6 20. Qb5 Qxb5 21. Nxb5 Rf8 22. dxe6 Nxe6 23. a5 1-0

[Event "FRA-chT2"]
[Site "France"]
[Date "2002.??.??"]
[Round "7"]
[White "Crudo, Franck"]
[Black "Large, Laurent"]
[Result "0-1"]
[WhiteElo "2077"]
[BlackElo "2179"]
[PlyCount "67"]
[EventDate "2002.??.??"]
[EventType "team-tourn"]
[EventRounds "11"]
[EventCountry "FRA"]
[SourceTitle "EXT 2003"]
[Source "ChessBase"]
[SourceDate "2002.11.25"]
[SourceVersion "1"]
[SourceVersionDate "2002.11.25"]
[SourceQuality "1"]

1. e4 g6 2. d4 Bg7 3. f4 c6 4. Nf3 d5 5. e5 h5 6. Bd3 Nh6 7. 0-0 Bg4 8. c3 e6 9. Be3 Nf5 10. Bxf5 gxf5 11. Nbd2 Nd7 12. a4 Bf8 13. a5 Be7 14. c4 Nf8 15. Qa4 Bxf3 16. Rxf3 Qd7 17. Bf2 Ng6 18. g3 h4 19. b4 hxg3 20. hxg3 dxc4 21. Nxc4 Qd5 22. Nd2 a6 23. Qb3 Qxb3 24. Rxb3 0-0-0 25. Kg2 Rdg8 26. Kf3 Rh3 27. Rc1 Nxf4 28. b5 axb5 29. Rxb5 Nd3 30. Rc3 Nxf2 31. Kxf2 Rh2+ 32. Ke1 Rxg3 33. Rxg3 cxb5 34. Nb3 0-1

[Event "Cappelle op 17th"]
[Site "Cappelle la Grande"]
[Date "2001.02.25"]
[Round "2"]
[White "Large, Laurent"]
[Black "Berkvens, Joost"]
[Result "0-1"]
[WhiteElo "2209"]
[BlackElo "2383"]
[PlyCount "50"]
[EventDate "2001.02.24"]
[EventType "swiss"]
[EventRounds "9"]
[EventCountry "FRA"]
[SourceTitle "CBM 080 Extra"]
[Source "ChessBase"]
[SourceDate "2001.03.08"]
[SourceVersion "1"]
[SourceVersionDate "2001.03.08"]
[SourceQuality "1"]

1. e4 c5 2. c3 d5 3. exd5 Qxd5 4. d4 g6 5. Nf3 Bg7 6. Na3 cxd4 7. Nb5 Na6 8. Nbxd4 Nf6 9. Bb5+ Bd7 10. Qe2 0-0 11. 0-0 Rad8 12. Bg5 Bg4 13. Bxa6 bxa6 14. Qxe7 Ne4 15. Be3 Rfe8 16. Qa3 Nd6 17. Qxa6 Nc4 18. b3 Nxe3 19. fxe3 Rxe3 20. Rac1 Rxc3 21. Nc6 Qc5+ 22. Kh1 Rxc1 23. Nxd8 Rxf1+ 24. Qxf1 Bxf3 25. gxf3 Qd5 0-1

[Event "Paris-ch op"]
[Site "Paris"]
[Date "2000.07.18"]
[Round "4"]
[White "Borzakian, Manouk"]
[Black "Large, Laurent"]
[Result "1-0"]
[WhiteElo "2091"]
[BlackElo "2225"]
[PlyCount "103"]
[EventDate "2000.07.15"]
[EventType "swiss"]
[EventRounds "9"]
[EventCountry "FRA"]
[SourceTitle "EXT 2001"]
[Source "ChessBase"]
[SourceDate "2000.11.22"]
[SourceVersion "1"]
[SourceVersionDate "2000.11.22"]
[SourceQuality "1"]

1. e4 c5 2. Nc3 Nc6 3. f4 d6 4. Nf3 g6 5. Bb5 Bg7 6. Bxc6+ bxc6 7. d3 e6 8. 0-0 Ne7 9. Qe1 0-0 10. Kh1 Rb8 11. b3 Qc7 12. Rb1 d5 13. e5 f6 14. Ba3 fxe5 15. fxe5 Rxf3 16. Rxf3 Bxe5 17. Bxc5 Bg7 18. Qf2 Nf5 19. Ne2 a6 20. g4 Nd6 21. Rf1 Bd7 22. Qh4 Re8 23. Rh3 h6 24. Be3 Nf7 25. Rxf7 Kxf7 26. Rf3+ Kg8 27. Bxh6 Qe5 28. Bxg7 Qxg7 29. Rf6 g5 30. Qf2 Rf8 31. Rxf8+ Qxf8 32. Qxf8+ Kxf8 33. Kg2 e5 34. Kg3 Ke7 35. h4 gxh4+ 36. Kxh4 Kf6 37. Ng3 Kg6 38. c3 a5 39. a3 c5 40. c4 Be6 41. Ne2 e4 42. Nf4+ Kf6 43. cxd5 exd3 44. dxe6 d2 45. Nd5+ Kxe6 46. Nc3 Ke5 47. g5 a4 48. g6 axb3 49. g7 b2 50. g8Q b1Q 51. Qg5+ Ke6 52. Qd5+ 1-0

[Event "Paris-ch op"]
[Site "Paris"]
[Date "2000.07.17"]
[Round "3"]
[White "Large, Laurent"]
[Black "Shirazi, Kamran"]
[Result "0-1"]
[WhiteElo "2225"]
[BlackElo "2414"]
[PlyCount "80"]
[EventDate "2000.07.15"]
[EventType "swiss"]
[EventRounds "9"]
[EventCountry "FRA"]
[SourceTitle "EXT 2001"]
[Source "ChessBase"]
[SourceDate "2000.11.22"]
[SourceVersion "1"]
[SourceVersionDate "2000.11.22"]
[SourceQuality "1"]

1. e4 d6 2. d4 Nf6 3. Nc3 Nbd7 4. Nf3 e5 5. dxe5 dxe5 6. Bc4 Bb4 7. 0-0 Bxc3 8. bxc3 0-0 9. Ba3 c5 10. Re1 Qc7 11. Qd2 Nb6 12. Bf1 Be6 13. Qg5 Nfd7 14. Qh5 f6 15. Nh4 Nc4 16. Bxc4 Bxc4 17. Re3 Rf7 18. Rg3 Nf8 19. Nf5 Rd7 20. Ne3 Bf7 21. Qf3 Ng6 22. Nd5 Qc6 23. c4 Rad8 24. h4 Qd6 25. Bc1 Bxd5 26. cxd5 Nxh4 27. Qh5 Ng6 28. Rb1 Qa6 29. Rbb3 Qc4 30. Qf5 Qxc2 31. Rbc3 Qb1 32. Qe6+ Rf7 33. Rxc5 Nf8 34. Qf5 b6 35. Rc8 Rxc8 36. Qxc8 Qxe4 37. d6 Qd5 38. Ba3 f5 39. Rc3 Rf6 40. Rc1 f4 0-1

[Event "Syre Memorial op 23rd"]
[Site "Issy les Moulineaux"]
[Date "2000.06.02"]
[Round "2"]
[White "Large, Laurent"]
[Black "Bergez, Luc"]
[Result "0-1"]
[WhiteElo "2231"]
[BlackElo "2424"]
[PlyCount "86"]
[EventDate "2000.06.01"]
[EventType "swiss"]
[EventRounds "6"]
[EventCountry "FRA"]
[SourceTitle "CBM 076 Extra"]
[Source "ChessBase"]
[SourceDate "2000.07.11"]
[SourceVersion "1"]
[SourceVersionDate "2000.07.11"]
[SourceQuality "1"]

1. d4 c5 2. d5 e6 3. Nc3 exd5 4. Qxd5 Nf6 5. Qd1 d5 6. Bg5 d4 7. Ne4 Be7 8. Nxf6+ Bxf6 9. Bxf6 Qxf6 10. g3 0-0 11. Bg2 Re8 12. Nf3 Qb6 13. b3 Nc6 14. 0-0 Bf5 15. Nh4 Bg4 16. Re1 Rad8 17. h3 Bh5 18. g4 Bg6 19. Nxg6 hxg6 20. Qd2 Qb4 21. Qf4 Qc3 22. Rac1 Nb4 23. Qf3 Nxa2 24. Qxc3 Nxc3 25. Bf3 b6 26. Ra1 a5 27. Kf1 g5 28. Kg2 Re7 29. Kf1 g6 30. Kg2 Kg7 31. Ra3 Rde8 32. Kf1 Ra7 33. Raa1 b5 34. e3 dxe3 35. Rxe3 Rxe3 36. fxe3 a4 37. bxa4 Rxa4 38. Rc1 Ra3 39. Bc6 b4 40. Kf2 Kf6 41. Rf1 Ke7 42. Kg3 Ra2 43. Rf2 c4 0-1

[Event "Paris Apsap op"]
[Site "Paris"]
[Date "1998.??.??"]
[Round "?"]
[White "Coullet, Yves"]
[Black "Large, Laurent"]
[Result "1-0"]
[WhiteElo "2080"]
[BlackElo "2245"]
[PlyCount "115"]
[EventDate "1998.??.??"]
[EventType "swiss"]
[EventRounds "9"]
[EventCountry "FRA"]
[SourceTitle "EXT 2002"]
[Source "ChessBase"]
[SourceDate "2001.11.25"]
[SourceVersion "1"]
[SourceVersionDate "2001.11.25"]
[SourceQuality "1"]

1. c4 g6 2. Nc3 Bg7 3. g3 Nf6 4. Bg2 0-0 5. e3 d6 6. d4 Nbd7 7. Nge2 e5 8. 0-0 Nh5 9. b4 f5 10. Qb3 Kh8 11. Bd2 Ndf6 12. Rad1 Qe7 13. dxe5 dxe5 14. b5 Rb8 15. Bc1 Qf7 16. Ba3 Re8 17. Nd5 Be6 18. Qa4 e4 19. Nec3 Rbc8 20. Rfe1 c6 21. bxc6 bxc6 22. Nb4 Nd7 23. Bb2 Nb6 24. Qc2 Nxc4 25. Ba1 a5 26. Na6 Qa7 27. Bf1 Qxa6 28. Na4 Qb5 29. Rd4 Bxd4 30. Bxd4+ Kg8 31. Nc5 Na3 32. Qc1 Qb4 33. Nxe6 Nc2 34. Qxc2 Rxe6 35. Rb1 Qe7 36. Bc5 Qf7 37. Bc4 Nf6 38. Bxe6 Qxe6 39. Rb7 Rd8 40. Re7 Qd5 41. Bd4 Rf8 42. Qb2 Rf7 43. Qb8+ Kg7 44. Qc7 g5 45. Rxf7+ Qxf7 46. Qxc6 Kg6 47. Qa6 a4 48. Bxf6 Qxf6 49. Qxa4 Qd6 50. Qd4 Qa6 51. g4 fxg4 52. Qxe4+ Kh6 53. a4 Qe2 54. Kg2 Kg7 55. Qf5 Kh6 56. a5 Qa6 57. e4 Qd3 58. Qxg4 1-0